Statistics for 20 Best Paid Athletes

Click here to take the quiz!

General Stats

  • This quiz has been taken 101 times
  • The average score is 7 of 20

Answer Stats

Salary in Million $Answer% Correct
88Cristiano Ronaldo
86%
81.4Lionel Messi
85%
77.2LeBron James
81%
45.3Tiger Woods
58%
44.1Tom Brady
51%
67.8Roger Federer
49%
56.2Kevin Durant
44%
44Floyd Mayweather
38%
50Kobe Bryant
38%
46Lewis Hamilton
36%
55.8Novak Djokovic
36%
41Sebastian Vettel
20%
45Eli Manning
19%
42.6Rory McIlroy
13%
52.9Phil Mickelson
8%
52.8Jordan Spieth
7%
53.1Cam Newton
6%
41.8Russell Wilson
5%
44.5Joe Flacco
3%
38Philip Rivers
3%

Score Distribution

Percentile by Number Answered

Percent of People with Each Score

Your Score History

You have not taken this quiz